Naučnyje i prikladnyje problemy energetiki. Vypusk 3.

Uložené v:
Podrobná bibliografia
Hlavný autor: Malevič, Ju.A (Author)
Médium: Kniha
Jazyk:Russian
Vydané: 1976.
Tagy: Pridať tag
Žiadne tagy, Buďte prvý kto otaguje tento záznam!

MARC

LEADER 00000nam a2200000 a 4500
001 000227621
005 20091204181447.0
008 040101s1976 e ruso
041 0 |a rus 
100 1 |a Malevič, Ju.A.  |4 aut 
245 1 0 |a Naučnyje i prikladnyje problemy energetiki. Vypusk 3. 
260 |c 1976. 
910 |a svkkk 
998 |a BK 
090 |g SCKHL  |k Sklad Pribinova 2. posch.  |a III.111974  |j 562138  |i 227621-10  |4 Zastaraná  |s Vyradená